[Event "Perenyi Bela Memorial"]
[Site "Budapest"]
[Date "2016.01.12"]
[Round "6.4"]
[White "Koczo, Kristof"]
[Black "Lengyel, Bela"]
[Result "0-1"]
[WhiteElo "2198"]
[BlackElo "2246"]
[PlyCount "140"]
[EventDate "2016.01.06"]
[EventRounds "9"]
[EventCountry "HUN"]

1. d4 Nf6 2. c4 e6 3. Nc3 Bb4 4. e3 b6 5. Nge2 Bb7 6. a3 Be7 7. d5 O-O 8. Ng3
d6 9. Be2 a5 10. Bf3 e5 11. Nf5 Re8 12. Nxe7+ Qxe7 13. b3 Nbd7 14. Ne4 Nxe4 15.
Bxe4 Qh4 16. Bf5 Nc5 17. g3 Qf6 18. Bc2 Bc8 19. Bb2 Bf5 20. Bxf5 Qxf5 21. O-O
a4 22. b4 Nb3 23. Ra2 e4 24. b5 Qf3 25. Bc3 h5 26. h4 f6 27. Bb4 Kf7 28. Rc2
Kg6 29. Rc3 Re7 30. Re1 Rae8 31. Qe2 Kf5 32. Kh2 g5 33. Rc2 gxh4 34. gxh4 Rg7
35. Qf1 Rg4 36. Qh3 Reg8 37. Rb2 Kg6 38. Qxf3 exf3 39. Rg1 Rxg1 40. Kxg1 Kf5+
41. Kh2 Rg2+ 42. Kh3 Ke4 43. Rc2 Kd3 44. Rc3+ Ke2 45. Rc2+ Kf1 46. Rb2 Rxf2 47.
Rb1+ Ke2 48. Re1+ Kd3 49. Kg3 Rg2+ 50. Kxf3 Rg4 51. Rh1 Kxc4 52. e4 Nd4+ 53.
Kf2 Nc2 54. Rc1 Kb3 55. Bd2 Rxe4 56. Rg1 Rxh4 57. Rg3+ Ka2 58. Bc1 Kb1 59. Rg1
Ka2 60. Rg3 Rc4 61. Ke2 Nd4+ 62. Kd3 Rc3+ 63. Kxc3 Ne2+ 64. Kb4 Nxg3 65. Kxa4
Ne2 66. Bb2 f5 67. Bf6 f4 68. Kb4 f3 69. Bh4 Nf4 70. Ka4 Nh3 0-1

[Event "Perenyi Bela Memorial"]
[Site "Budapest"]
[Date "2016.01.12"]
[Round "6.5"]
[White "Mihalka, Zsolt"]
[Black "Farago, Sandor"]
[Result "0-1"]
[WhiteElo "2233"]
[BlackElo "2263"]
[PlyCount "80"]
[EventDate "2016.01.06"]
[EventRounds "9"]
[EventCountry "HUN"]

1. e4 c5 2. Nf3 e6 3. d4 cxd4 4. Nxd4 Nc6 5. Nc3 a6 6. Be3 Qc7 7. Bd3 Nf6 8.
Qe2 Bd6 9. O-O-O Be5 10. Bc4 b5 11. Bb3 Bb7 12. Nxc6 dxc6 13. Nb1 c5 14. c4
Nxe4 15. f3 Nd6 16. Na3 O-O 17. cxb5 axb5 18. Bg5 Bd4 19. Bf4 Ba6 20. Rhe1 Qc6
21. Bxe6 Rae8 22. Qc2 Rxe6 23. Rxe6 fxe6 24. Rxd4 Nf5 25. Rd1 Nh4 26. Rd6 Qc8
27. Bg5 Nf5 28. Qd2 Nxd6 29. Qxd6 h6 30. Be7 Rf5 31. Nc2 Rd5 32. Qb6 Kf7 33.
Bh4 Qb7 34. Qa5 b4 35. Ne3 Rd4 36. Ng4 Qb5 37. Qc7+ Kg8 38. Ne3 Qd3 39. Qe5
Qd2+ 40. Kb1 Bd3+ 0-1

[Event "Perenyi Bela Memorial"]
[Site "Budapest"]
[Date "2016.01.12"]
[Round "6.6"]
[White "Reznak, Attila"]
[Black "Torok, Tamas Titusz"]
[Result "0-1"]
[WhiteElo "2337"]
[BlackElo "2129"]
[PlyCount "62"]
[EventDate "2016.01.06"]
[EventRounds "9"]
[EventCountry "HUN"]

1. e4 e5 2. Nf3 Nc6 3. Nc3 Nf6 4. Bb5 Bb4 5. O-O O-O 6. d3 d6 7. Bg5 Bxc3 8.
bxc3 h6 9. Bh4 a6 10. Bxc6 bxc6 11. Rb1 Qe7 12. h3 g5 13. Bg3 Nh5 14. Nh2 Nf4
15. Bxf4 gxf4 16. Qh5 Kh7 17. g4 Rg8 18. Nf3 Be6 19. Rb7 Rg7 20. Kh2 f6 21. Rg1
d5 22. a4 dxe4 23. dxe4 Rag8 24. Qh4 Rg6 25. Ne1 R8g7 26. f3 Qa3 27. Qf2 Rd7
28. Nd3 Qxc3 29. Rg2 Rgg7 30. Qc5 Rxd3 31. Qf8 Rxf3 0-1

[Event "Perenyi Bela Memorial"]
[Site "Budapest"]
[Date "2016.01.12"]
[Round "6.7"]
[White "Letay, Gyula"]
[Black "Orso, Miklos"]
[Result "1/2-1/2"]
[WhiteElo "1931"]
[BlackElo "2283"]
[PlyCount "33"]
[EventDate "2016.01.06"]
[EventRounds "9"]
[EventCountry "HUN"]

1. e4 c5 2. Nc3 Nc6 3. g3 g6 4. Bg2 Bg7 5. d3 d6 6. Be3 e5 7. Qd2 Nge7 8. h3
Be6 9. Nge2 Nd4 10. Nd1 Qd7 11. Nxd4 cxd4 12. Bh6 Bxh6 13. Qxh6 Nc6 14. Qd2 O-O
15. f4 Kh8 16. Nf2 f6 17. a3 1/2-1/2

[Event "Perenyi Bela Memorial"]
[Site "Budapest"]
[Date "2016.01.12"]
[Round "6.8"]
[White "Gumanny, Evgeny"]
[Black "Ongut, Tamas Gunes"]
[Result "1-0"]
[WhiteElo "2139"]
[BlackElo "1904"]
[PlyCount "95"]
[EventDate "2016.01.06"]
[EventRounds "9"]
[EventCountry "HUN"]

1. d4 Nf6 2. c4 g6 3. Nc3 Bg7 4. e4 d6 5. Nf3 O-O 6. Be2 e5 7. d5 Nbd7 8. Bg5
h6 9. Bh4 g5 10. Bg3 Nh5 11. O-O Nf4 12. Nd2 a5 13. Bg4 Nc5 14. b3 Bd7 15. h3
Qc8 16. a3 Ncd3 17. Rb1 Bxg4 18. hxg4 Qd7 19. Qf3 Nc5 20. Bh2 Rfe8 21. g3 Ng6
22. Rfe1 Qe7 23. b4 Nd7 24. Nd1 Nf6 25. Ne3 axb4 26. axb4 b6 27. Rec1 Qd7 28.
c5 bxc5 29. bxc5 Reb8 30. c6 Qd8 31. Qe2 Ne8 32. Rb7 Ne7 33. Rcb1 Rc8 34. Ndc4
Bf8 35. Kg2 f6 36. Bg1 Ng7 37. Nf5 Nexf5 38. gxf5 h5 39. f4 Be7 40. Be3 gxf4
41. gxf4 Qe8 42. fxe5 fxe5 43. Kh1 Qf7 44. Rg1 Kh7 45. Rg6 Ra1+ 46. Kh2 Rca8
47. Rxc7 R8a2 48. Nd2 1-0

[Event "Perenyi Bela Memorial"]
[Site "Budapest"]
[Date "2016.01.12"]
[Round "6.9"]
[White "Czegledi, Barna Jr"]
[Black "Rozsa, Sandor"]
[Result "1-0"]
[WhiteElo "2127"]
[BlackElo "1950"]
[PlyCount "55"]
[EventDate "2016.01.06"]
[EventRounds "9"]
[EventCountry "HUN"]

1. d4 Nf6 2. c4 g6 3. Nc3 Bg7 4. e4 d6 5. Nge2 O-O 6. Ng3 e5 7. d5 Nbd7 8. Be2
a5 9. h4 Ne8 10. h5 f5 11. hxg6 hxg6 12. exf5 gxf5 13. f4 exf4 14. Bxf4 Ne5 15.
Qd2 Nf6 16. Nh5 Nxh5 17. Rxh5 Bd7 18. O-O-O Be8 19. Rh3 Ng4 20. Bd3 Bg6 21. Re1
Re8 22. Rf1 Qf6 23. Bg5 Qd4 24. Ne2 Qe5 25. Nf4 Ne3 26. Re1 Nxc4 27. Rxe5 Nxd2
28. Rxe8+ 1-0

[Event "Perenyi Bela Memorial"]
[Site "Budapest"]
[Date "2016.01.12"]
[Round "6.10"]
[White "Vargyas, Zoltan"]
[Black "Bensaid, Simon"]
[Result "1-0"]
[WhiteElo "2127"]
[BlackElo "1810"]
[PlyCount "73"]
[EventDate "2016.01.06"]
[EventRounds "9"]
[EventCountry "HUN"]

1. e4 d5 2. exd5 Qxd5 3. d4 Nc6 4. Nf3 Bg4 5. Nc3 Qf5 6. d5 Bxf3 7. gxf3 O-O-O
8. Bd3 Qe5+ 9. Be3 Nb4 10. f4 Nxd3+ 11. Qxd3 Qh5 12. Qc4 Nf6 13. Rd1 a6 14. Rd3
e6 15. Bb6 Ne8 16. dxe6 Rxd3 17. exf7 Rd6 18. fxe8=Q+ Qxe8+ 19. Be3 Qc6 20.
Qxc6 Rxc6 21. Rg1 Rg6 22. Rg5 Be7 23. Rh5 Rc6 24. Nd5 Bf6 25. c3 Kd7 26. Ke2 g6
27. Rh3 Bg7 28. Kf3 a5 29. f5 gxf5 30. Rh5 Rd6 {=} 31. c4 Bxb2 32. Rxf5 b6 33.
Rf7+ Ke6 34. Rxc7 Rf8+ 35. Ke4 Re8 36. Rxh7 b5 37. Nc7+ 1-0

[Event "Perenyi Bela Memorial"]
[Site "Budapest"]
[Date "2016.01.12"]
[Round "6.11"]
[White "Szlabey, Geza"]
[Black "Gasparics, Akos"]
[Result "0-1"]
[WhiteElo "1937"]
[BlackElo "2066"]
[PlyCount "64"]
[EventDate "2016.01.06"]
[EventRounds "9"]
[EventCountry "HUN"]

1. e4 e6 2. b3 c5 3. Nf3 Nc6 4. Bb2 d5 5. Nc3 d4 6. Ne2 Nf6 7. Ng3 Bd6 8. Bd3
h5 9. c3 h4 10. Ne2 e5 11. h3 a6 12. Qc2 Bd7 13. O-O-O Rc8 14. Bc4 b5 15. Bd5
Nb4 16. Qb1 Nfxd5 17. exd5 d3 18. Neg1 Bf5 19. c4 f6 20. Rf1 Qa5 21. a3 bxc4
22. bxc4 Qa4 23. axb4 cxb4 24. Ne2 Rxc4+ 25. Bc3 bxc3 26. dxc3 d2+ 27. Kxd2
Bxb1 28. Rxb1 Qa2+ 29. Kd3 e4+ 30. Ke3 exf3 31. Kxf3 O-O 32. Ra1 Qc2 0-1

[Event "Perenyi Bela Memorial"]
[Site "Budapest"]
[Date "2016.01.12"]
[Round "6.12"]
[White "Vass, Istvan"]
[Black "Bellan, Istvan"]
[Result "1-0"]
[WhiteElo "2046"]
[BlackElo "1867"]
[PlyCount "51"]
[EventDate "2016.01.06"]
[EventRounds "9"]
[EventCountry "HUN"]

1. e4 c5 2. Nf3 e6 3. d4 cxd4 4. Nxd4 a6 5. Bd3 Qc7 6. O-O Nc6 7. Nxc6 bxc6 8.
b3 Nf6 9. Bb2 Be7 10. c4 e5 11. Nc3 O-O 12. Qe2 Bb7 13. Kh1 Rfe8 14. Rac1 Bf8
15. g4 g6 16. Qf3 Qd6 17. c5 Qe6 18. Bc4 Qe7 19. Rcd1 Bh6 20. Rd6 Kg7 21. h4
Bf4 22. Ne2 g5 23. Nxf4 gxf4 24. g5 Ng8 25. Qxf4 Kf8 26. Qf5 1-0

[Event "Perenyi Bela Memorial"]
[Site "Budapest"]
[Date "2016.01.12"]
[Round "6.13"]
[White "Bodrogi, Laszlo"]
[Black "Mezei, Csaba"]
[Result "1/2-1/2"]
[WhiteElo "1928"]
[BlackElo "2045"]
[PlyCount "173"]
[EventDate "2016.01.06"]
[EventRounds "9"]
[EventCountry "HUN"]

1. d4 Nf6 2. c4 g6 3. Nc3 Bg7 4. e4 d6 5. f3 Nbd7 6. Bg5 a6 7. Nh3 O-O 8. Qd2
c5 9. d5 Rb8 10. Be2 Re8 11. O-O Qa5 12. a4 Nb6 13. Nf2 Nfd7 14. Rfc1 Ne5 15.
Ncd1 Qxd2 16. Bxd2 f5 17. f4 Nf7 18. Bc3 e5 19. fxe5 Nxe5 20. Ba5 Na8 21. Bc3
f4 22. Nd3 g5 23. Nxe5 Bxe5 24. Nf2 Nb6 25. Bxe5 Rxe5 26. Bf3 Re7 27. b4 Nd7
28. Rab1 cxb4 29. Rxb4 a5 30. Rb5 b6 31. Bg4 Ba6 32. Bxd7 Rxd7 33. Rb2 Rc7 34.
c5 dxc5 35. d6 Rc6 36. e5 Re8 37. Ng4 Kf7 38. d7 Rd8 39. Nf6 Re6 40. Re1 Bd3
41. Kf2 c4 42. Kf3 Kg6 43. h4 h6 44. g3 fxg3 45. Kxg3 Bf5 46. h5+ Kg7 47. Rf2
Bd3 48. Ne8+ Rdxe8 49. dxe8=Q Rxe8 50. e6 Re7 51. Rb2 Bf5 52. Rxb6 Bc2 53. Rc1
Bxa4 54. Rxc4 Bd1 55. Rd4 Bxh5 56. Rd7 Kf6 57. Rxe7 Kxe7 58. Ra6 {=} Be2 59.
Rxa5 Kxe6 60. Rc5 Kf6 61. Rc6+ Kg7 62. Rc5 Bh5 63. Ra5 Bf7 64. Rb5 Kf6 65. Rb6+
Be6 66. Rb5 h5 67. Rb4 Ke5 68. Ra4 Bd7 69. Ra5+ Kf6 70. Ra6+ Be6 71. Ra4 Ke5
72. Ra5+ Bd5 73. Rb5 Kd6 74. Ra5 Ke5 75. Rb5 Kd4 76. Ra5 Kc4 77. Ra4+ Kb5 78.
Rd4 Kc5 79. Ra4 Bc6 80. Ra5+ Bb5 81. Ra8 Bd7 82. Rg8 h4+ 83. Kf3 g4+ 84. Rxg4
Bc6+ 85. Kf4 h3 86. Rh4 Bg2 87. Rxh3 1/2-1/2

[Event "Perenyi Bela Memorial"]
[Site "Budapest"]
[Date "2016.01.12"]
[Round "6.14"]
[White "Czumbel, Peter"]
[Black "Ritter, Gabor Dr"]
[Result "1/2-1/2"]
[WhiteElo "1825"]
[BlackElo "2039"]
[PlyCount "62"]
[EventDate "2016.01.06"]
[EventRounds "9"]
[EventCountry "HUN"]

1. Nf3 c5 2. g3 Nc6 3. Bg2 g6 4. O-O Bg7 5. d3 e6 6. e4 Nge7 7. c3 O-O 8. Na3
d5 9. Nc2 b6 10. exd5 Nxd5 11. d4 Ba6 12. Re1 cxd4 13. Nfxd4 Nxd4 14. Nxd4 Qd7
15. Qb3 Rac8 16. Bxd5 exd5 17. Be3 Rfe8 18. Qd1 Re4 19. Nc2 Rce8 20. Qd2 Qf5
21. Rad1 Bb7 22. Bd4 Bxd4 23. Nxd4 Qe5 24. Rxe4 dxe4 25. Re1 Qd5 26. Nb3 Qxd2
27. Nxd2 f5 28. Nb3 Rd8 29. Nd4 Kf7 30. f3 exf3 31. Kf2 Be4 1/2-1/2

[Event "Perenyi Bela Memorial"]
[Site "Budapest"]
[Date "2016.01.12"]
[Round "6.15"]
[White "Polyanszky-Tamasi, Zoltan"]
[Black "Eperjesi, Laszlo Dr"]
[Result "0-1"]
[WhiteElo "1793"]
[BlackElo "2183"]
[PlyCount "84"]
[EventDate "2016.01.06"]
[EventRounds "9"]
[EventCountry "HUN"]

1. c4 c5 2. e4 Nc6 3. g3 g6 4. Bg2 Bg7 5. Nc3 d6 6. d3 e6 7. Bf4 a6 8. a3 Nge7
9. Nge2 Rb8 10. Qd2 h6 11. Rb1 b5 12. cxb5 axb5 13. b4 cxb4 14. axb4 e5 15. Be3
Nd4 16. O-O Bg4 17. f3 Be6 18. Bxd4 exd4 19. Na2 O-O 20. Nac1 d5 21. e5 Bxe5
22. Qxh6 Nf5 23. Qd2 Ne3 24. Re1 Rc8 25. Rb2 Qb6 26. Nb3 Nxg2 27. Kxg2 Rc3 28.
Nc5 Ra3 29. Qg5 Bf6 30. Qd2 Bc8 31. h4 Kg7 32. g4 Bxh4 33. Rh1 Rh8 34. Nxd4 Qf6
35. Nxb5 Bg5 36. Qf2 Be3 37. Qe2 Rxh1 38. Rb1 Rxb1 39. Qxe3 Ra2+ 40. Kg3 Rxb4
41. Nc7 Qd6+ 42. f4 Qxc7 0-1

[Event "Perenyi Bela Memorial"]
[Site "Budapest"]
[Date "2016.01.13"]
[Round "7.1"]
[White "Grimm, Daniel"]
[Black "Balint, Vilmos"]
[Result "1/2-1/2"]
[WhiteElo "2319"]
[BlackElo "2261"]
[PlyCount "126"]
[EventDate "2016.01.06"]
[EventRounds "9"]
[EventCountry "HUN"]

1. e4 e5 2. Nf3 Nc6 3. Bc4 Bc5 4. c3 Nf6 5. d3 a6 6. Nbd2 Ba7 7. Bb3 O-O 8. h3
h6 9. Qe2 d5 10. Nf1 dxe4 11. dxe4 Nh5 12. g3 Qf6 13. Be3 Na5 14. Bxa7 Nxb3 15.
axb3 Rxa7 16. Ne3 Re8 17. Nd2 Qg6 18. Nd5 b6 19. O-O-O Nf6 20. Nxf6+ Qxf6 21.
Nc4 a5 22. Ne3 c6 23. Qc2 a4 24. b4 Be6 25. c4 a3 26. b3 Qf3 27. h4 Rea8 28.
Kb1 a2+ 29. Ka1 b5 30. Rhe1 bxc4 31. bxc4 Kh7 32. Nf5 g6 33. Rd3 Qg2 34. Nd6
Ra4 35. Qd2 Rb8 36. Rb3 c5 37. b5 Bxc4 38. Rb2 Be6 39. Qc3 Rd4 40. f4 Qxb2+ 41.
Qxb2 Rxd6 42. f5 Bc4 43. Rc1 Rxb5 44. Qxe5 Ra6 45. fxg6+ Kxg6 46. h5+ Kh7 47.
Qf5+ Kh8 48. Qc8+ Kg7 49. Qg4+ Kf8 50. Qc8+ Ke7 51. Qc7+ Kf6 52. Qf4+ Ke6 53.
e5 Rb4 54. Qf6+ Kd7 55. Rd1+ Kc7 56. Qd8+ Kc6 57. Qd7+ Kb6 58. Rd6+ Ka5 59.
Qc7+ Kb5 60. Qb7+ Ka5 61. Qc7+ Kb5 62. Qb7+ Ka5 63. Qc7+ Kb5 1/2-1/2

[Event "Perenyi Bela Memorial"]
[Site "Budapest"]
[Date "2016.01.13"]
[Round "7.3"]
[White "Torok, Tamas Titusz"]
[Black "Nemeth, Zoltan"]
[Result "0-1"]
[WhiteElo "2129"]
[BlackElo "2299"]
[PlyCount "92"]
[EventDate "2016.01.06"]
[EventRounds "9"]
[EventCountry "HUN"]

1. e4 e5 2. Nf3 Nc6 3. c3 d5 4. Qa4 f6 5. d3 Be6 6. Be2 Bd6 7. exd5 Bxd5 8. Be3
Qd7 9. Nbd2 Nge7 10. O-O Nf5 11. Ne4 Nxe3 12. fxe3 Ne7 13. Nxd6+ cxd6 14. Qh4
O-O 15. Qf2 b6 16. Nd2 Rad8 17. Bf3 Bxf3 18. Qxf3 Qb5 19. c4 Qxb2 20. Nb3 Qa3
21. Qh5 a5 22. Qe2 d5 23. d4 a4 24. Nd2 Qd6 25. Rab1 exd4 26. exd4 dxc4 27.
Qxc4+ Qd5 28. Rxb6 Qxc4 29. Nxc4 Rxd4 30. Ne3 Re4 31. Rf3 Rc8 32. Rb2 Rc3 33.
Kf2 Nc6 34. Nd5 Rc5 35. Re3 Rec4 36. Ne7+ Nxe7 37. Rxe7 Rc2+ 38. Re2 Rxb2 39.
Rxb2 a3 40. Rd2 Rb5 41. Ke3 Rb2 42. Kd3 Rxd2+ 43. Kxd2 f5 44. h4 h6 45. h5 g5
46. hxg6 h5 0-1

[Event "Perenyi Bela Memorial"]
[Site "Budapest"]
[Date "2016.01.13"]
[Round "7.4"]
[White "Farago, Sandor"]
[Black "Gumanny, Evgeny"]
[Result "1-0"]
[WhiteElo "2263"]
[BlackElo "2139"]
[PlyCount "53"]
[EventDate "2016.01.06"]
[EventRounds "9"]
[EventCountry "HUN"]

1. e4 e6 2. d4 d5 3. Nc3 Bb4 4. e5 Ne7 5. Bd2 b6 6. Qg4 O-O 7. Nf3 Bxc3 8. Bxc3
Ba6 9. Bxa6 Nxa6 10. h4 h6 11. Bd2 Kh8 12. Bg5 Qd7 13. Bf6 gxf6 14. exf6 Nf5
15. Qh5 Qd8 16. g4 Qxf6 17. gxf5 Qxf5 18. Qxh6+ Qh7 19. Qf6+ Qg7 20. Qf4 f6 21.
O-O-O Rae8 22. Rdg1 Qh7 23. Ne5 Qh5 24. Ng6+ Kh7 25. Nxf8+ Rxf8 26. Kb1 Rf7 27.
Qg3 1-0

[Event "Perenyi Bela Memorial"]
[Site "Budapest"]
[Date "2016.01.13"]
[Round "7.5"]
[White "Orso, Miklos"]
[Black "Vargyas, Zoltan"]
[Result "1-0"]
[WhiteElo "2283"]
[BlackElo "2127"]
[PlyCount "53"]
[EventDate "2016.01.06"]
[EventRounds "9"]
[EventCountry "HUN"]

1. Nf3 Nf6 2. c4 e6 3. b3 Be7 4. Bb2 b6 5. g3 Bb7 6. Bg2 O-O 7. O-O Qc8 8. d4
d5 9. cxd5 exd5 10. Nc3 Re8 11. Rc1 Na6 12. Ne5 Qf5 13. Nb5 c6 14. Nc3 Bd6 15.
Nd3 Re7 16. a3 Nc7 17. b4 Ba6 18. Qa4 Bxd3 19. exd3 b5 20. Qc2 a5 21. Nd1 axb4
22. Qxc6 Ra6 23. Qb7 bxa3 24. Rxc7 Rxc7 25. Qxa6 axb2 26. Qxd6 Ne8 27. Qb4 1-0

[Event "Perenyi Bela Memorial"]
[Site "Budapest"]
[Date "2016.01.13"]
[Round "7.6"]
[White "Czegledi, Barna Jr"]
[Black "Mihalka, Zsolt"]
[Result "1-0"]
[WhiteElo "2127"]
[BlackElo "2233"]
[PlyCount "125"]
[EventDate "2016.01.06"]
[EventRounds "9"]
[EventCountry "HUN"]

1. d4 d6 2. c4 g6 3. Nc3 Bg7 4. e4 e5 5. Nge2 Nc6 6. Be3 Nge7 7. d5 Nb8 8. Ng3
O-O 9. Qd2 f5 10. exf5 Nxf5 11. Nxf5 gxf5 12. f4 Nd7 13. Be2 Qh4+ 14. g3 Qe7
15. O-O-O exf4 16. Bxf4 Ne5 17. Bh6 Bd7 18. Bxg7 Qxg7 19. Rhf1 Rae8 20. Bd3 Ng4
21. Rf3 Ne5 22. Rf4 Kh8 23. Rdf1 Qg5 24. Ne2 Ng4 25. Nd4 Ne5 26. Kc2 Nxd3 27.
Qxd3 Qh5 28. R1f2 Re5 29. g4 Qe8 30. Nxf5 Bxf5 31. Rxf5 Rfxf5 32. Rxf5 Qa4+ 33.
Kd2 Qb4+ 34. Qc3 Qxc3+ 35. Kxc3 Re7 36. Rf3 Kg7 37. a3 a5 38. b4 axb4+ 39. axb4
Re1 40. c5 dxc5 41. bxc5 Rd1 42. Kc4 Kg6 43. h3 Kg7 44. Rb3 Rc1+ 45. Kd4 Rd1+
46. Rd3 Rc1 47. Rf3 Rd1+ 48. Kc4 Rd2 49. c6 bxc6 50. dxc6 Rd6 51. Kb5 Rd2 52.
Rb3 Kf7 53. Ka6 Ke7 54. Kb7 Kd6 55. h4 h6 56. g5 hxg5 57. hxg5 Rd5 58. g6 Rg5
59. Rd3+ Kc5 60. Kxc7 Rxg6 61. Kb7 Rh6 62. Rd1 Rh2 63. Rb1 1-0

[Event "Perenyi Bela Memorial"]
[Site "Budapest"]
[Date "2016.01.13"]
[Round "7.7"]
[White "Halak, Miklos"]
[Black "Vass, Istvan"]
[Result "1-0"]
[WhiteElo "2220"]
[BlackElo "2046"]
[PlyCount "113"]
[EventDate "2016.01.06"]
[EventRounds "9"]
[EventCountry "HUN"]

1. e4 c5 2. c3 g6 3. d4 cxd4 4. cxd4 d5 5. exd5 Nf6 6. Nc3 Bg7 7. Bc4 O-O 8.
Nf3 Nbd7 9. d6 exd6 10. O-O Nb6 11. Bb3 d5 12. Bg5 Be6 13. Rc1 Rc8 14. Ne5 h6
15. Bh4 g5 16. Bg3 Nc4 17. Qe2 Nd6 18. f4 g4 19. Bc2 Bf5 {=} 20. Bh4 Qb6 21.
Bb3 Qxd4+ 22. Bf2 Qxf4 23. Bc5 Qxc1 24. Rxc1 Rxc5 25. Nd3 Bxd3 26. Qxd3 Rfc8
27. Rf1 Nde4 28. Nxd5 Nxd5 29. Qxe4 Nf6 30. Qg6 Rc1 31. Qxf7+ Kh8 32. Qxb7 g3
33. hxg3 Ng4 34. Qe4 h5 35. Be6 Rxf1+ 36. Kxf1 Rf8+ 37. Ke1 Re8 38. Kd2 Nf6 39.
Qc6 Bh6+ 40. Kc2 Re7 41. b4 Bg7 42. Kb3 Ne8 43. Qd5 Nf6 44. Qf5 Rc7 45. Bc4 Re7
46. Qc5 Rd7 47. a4 Kh7 48. Qf5+ Kh8 49. a5 Re7 50. Qc5 Rd7 51. b5 Kh7 52. Qf5+
Kh8 53. b6 axb6 54. axb6 Rd6 55. Qc8+ Kh7 56. b7 Nd7 57. Bb5 1-0

[Event "Perenyi Bela Memorial"]
[Site "Budapest"]
[Date "2016.01.13"]
[Round "7.8"]
[White "Gasparics, Akos"]
[Black "Koczo, Kristof"]
[Result "0-1"]
[WhiteElo "2066"]
[BlackElo "2198"]
[PlyCount "92"]
[EventDate "2016.01.06"]
[EventRounds "9"]
[EventCountry "HUN"]

1. e4 c6 2. d4 d5 3. e5 e6 4. f4 b6 5. Nf3 Ba6 6. Bd3 Bxd3 7. Qxd3 Ne7 8. Be3
Nf5 9. Bf2 h5 10. Nbd2 a5 11. c4 dxc4 12. Nxc4 b5 13. Ne3 Nxe3 14. Bxe3 g6 15.
O-O a4 16. Rae1 Qd5 17. a3 Be7 18. Ng5 Nd7 19. Ne4 Nb6 20. Nc3 Qb3 21. Qe4 Nd5
22. Nxd5 {=} cxd5 23. Qf3 Kd7 24. Qe2 Rhc8 25. Rc1 Rxc1 26. Rxc1 Rc8 27. Rxc8
Kxc8 28. Kf2 Kb7 29. h3 Kb6 30. g4 hxg4 31. hxg4 b4 32. axb4 Bxb4 33. Kg2 Qa2
34. Qc2 a3 35. Bc1 axb2 36. Qxb2 Qxb2+ 37. Bxb2 Kb5 38. Kf3 Kc4 39. Ke3 Bc3 40.
Ba3 Bxd4+ 41. Ke2 Kb3 42. Be7 Kc2 43. Kf3 Bc3 44. Bg5 d4 45. f5 d3 46. Be3 d2
0-1

[Event "Perenyi Bela Memorial"]
[Site "Budapest"]
[Date "2016.01.13"]
[Round "7.9"]
[White "Boguszlavszkij, Jevgenyij"]
[Black "Letay, Gyula"]
[Result "1-0"]
[WhiteElo "2193"]
[BlackElo "1931"]
[PlyCount "49"]
[EventDate "2016.01.06"]
[EventRounds "9"]
[EventCountry "HUN"]

1. e4 e5 2. Nf3 Nc6 3. Nc3 Nf6 4. d4 exd4 5. Nxd4 Bc5 6. Nxc6 bxc6 7. Bd3 d6 8.
h3 h6 9. O-O O-O 10. Qf3 a5 11. e5 Nh7 12. Qxc6 Bd7 13. Qe4 g6 14. exd6 Bxd6
15. Bxh6 Re8 16. Qc4 Be6 17. Qc6 Qh4 18. Bd2 Rad8 19. Rae1 f5 20. Nb5 Nf6 21.
Rxe6 Rxe6 22. Bc4 Kf8 23. Bxe6 Ne4 24. Be3 Qe7 25. Bh6+ 1-0

[Event "Perenyi Bela Memorial"]
[Site "Budapest"]
[Date "2016.01.13"]
[Round "7.10"]
[White "Rozsa, Sandor"]
[Black "Reznak, Attila"]
[Result "0-1"]
[WhiteElo "1950"]
[BlackElo "2337"]
[PlyCount "52"]
[EventDate "2016.01.06"]
[EventRounds "9"]
[EventCountry "HUN"]

1. e4 e6 2. b3 c5 3. Bb2 b6 4. d3 d5 5. exd5 exd5 6. Nf3 Nd7 7. d4 Ngf6 8. Be2
Bd6 9. O-O O-O 10. Nbd2 Bb7 11. Ne5 Re8 12. Bb5 a6 13. Nxd7 Nxd7 14. dxc5 bxc5
15. Bd3 Qh4 16. g3 Qh3 17. Qf3 Be5 18. Bxe5 Nxe5 19. Qg2 Qh6 20. f4 Ng4 21.
Rfe1 d4 22. Be4 Ne3 23. Rxe3 dxe3 24. Bxb7 exd2 25. Qxd2 Rad8 26. Bd5 Qh5 0-1

[Event "Perenyi Bela Memorial"]
[Site "Budapest"]
[Date "2016.01.13"]
[Round "7.11"]
[White "Eperjesi, Laszlo Dr"]
[Black "Bodrogi, Laszlo"]
[Result "1/2-1/2"]
[WhiteElo "2183"]
[BlackElo "1928"]
[PlyCount "93"]
[EventDate "2016.01.06"]
[EventRounds "9"]
[EventCountry "HUN"]

1. d4 e6 2. Nf3 Nf6 3. c4 b6 4. g3 Ba6 5. b3 d5 6. Bg2 dxc4 7. Ne5 Bb4+ 8. Kf1
Bd6 9. Nxc4 Nd5 10. Bf3 O-O 11. Kg2 Bb7 12. e4 Nb4 13. Ba3 N8a6 14. Nxd6 Qxd6
15. Nc3 Rfd8 16. Ne2 Qd7 17. Bb2 Rac8 18. a3 Nc6 19. b4 Ne7 20. Qb3 c5 21. dxc5
bxc5 22. b5 Nc7 23. Qc3 Ne8 24. a4 a6 25. bxa6 Bxa6 26. Nf4 Qa7 27. Rhd1 Nc6
28. Rxd8 Rxd8 29. Ba3 c4 30. Bb2 Qb6 31. Rd1 Rxd1 32. Bxd1 Qb4 33. Ne2 Qxc3 34.
Bxc3 e5 35. f4 f6 36. Kf3 Kf7 37. Ke3 Ke6 38. f5+ Kd6 39. Bb2 Kc5 40. Ba3+ Kb6
41. Kd2 Na5 42. Kc3 Nb7 43. Bc2 Nc5 44. Kb4 Nd6 45. Nc3 Nd3+ 46. Bxd3 cxd3 47.
Bc1 1/2-1/2

[Event "Perenyi Bela Memorial"]
[Site "Budapest"]
[Date "2016.01.13"]
[Round "7.12"]
[White "Mezei, Csaba"]
[Black "Czumbel, Peter"]
[Result "1-0"]
[WhiteElo "2045"]
[BlackElo "1825"]
[PlyCount "67"]
[EventDate "2016.01.06"]
[EventRounds "9"]
[EventCountry "HUN"]

1. d4 Nf6 2. e3 g6 3. c3 Bg7 4. Bc4 d6 5. a4 a5 6. Na3 O-O 7. Ne2 Nbd7 8. O-O
c6 9. Bd2 e5 10. b4 Ne4 11. Be1 d5 12. Bd3 Nd6 13. bxa5 e4 14. Bc2 Rxa5 15. c4
Ra8 16. Bb4 c5 17. Bc3 dxc4 18. dxc5 Nxc5 19. Bxg7 Kxg7 20. Qd4+ Qf6 21. Qxc5
Bg4 22. Ng3 Rfe8 23. Nb5 Nxb5 24. Qxb5 Re5 25. Qxc4 Rc8 26. Qb3 Bf3 27. Bd1 h5
28. gxf3 exf3 29. Qxb7 Rc6 30. Qb2 Rb6 31. Qd4 Rd6 32. Qf4 Rf5 33. Nxf5+ gxf5
34. Bxf3 1-0

[Event "Perenyi Bela Memorial"]
[Site "Budapest"]
[Date "2016.01.13"]
[Round "7.13"]
[White "Ritter, Gabor Dr"]
[Black "Horvath, Jeno Kalman"]
[Result "1/2-1/2"]
[WhiteElo "2039"]
[BlackElo "1997"]
[PlyCount "22"]
[EventDate "2016.01.06"]
[EventRounds "9"]
[EventCountry "HUN"]

1. d4 Nf6 2. c4 g6 3. Nc3 Bg7 4. g3 O-O 5. Bg2 d6 6. e3 c6 7. Nge2 e5 8. O-O
Re8 9. dxe5 dxe5 10. b3 Bf5 11. Bb2 Qc8 1/2-1/2

[Event "Perenyi Bela Memorial"]
[Site "Budapest"]
[Date "2016.01.13"]
[Round "7.14"]
[White "Ongut, Tamas Gunes"]
[Black "Borda, Lajos"]
[Result "1/2-1/2"]
[WhiteElo "1904"]
[BlackElo "2091"]
[PlyCount "49"]
[EventDate "2016.01.06"]
[EventRounds "9"]
[EventCountry "HUN"]

1. e4 c5 2. Nf3 b6 3. d4 cxd4 4. Nxd4 Bb7 5. Bd3 Nf6 6. Qe2 d6 7. O-O e6 8. f4
Be7 9. c4 Nc6 10. Nxc6 Bxc6 11. Nc3 Nd7 12. Be3 Nc5 13. Bxc5 bxc5 14. Rae1 Rb8
15. f5 Bf6 16. fxe6 fxe6 17. e5 dxe5 18. Qh5+ Ke7 19. Be4 Bxe4 20. Nxe4 Rxb2
21. Rd1 Qe8 22. Qh3 Qc6 23. Qa3 Rxg2+ 24. Kxg2 Qxe4+ 25. Kg1 1/2-1/2

[Event "Perenyi Bela Memorial"]
[Site "Budapest"]
[Date "2016.01.13"]
[Round "7.15"]
[White "Yip, Michael"]
[Black "Piroska, Istvan"]
[Result "0-1"]
[WhiteElo "1935"]
[BlackElo "2104"]
[PlyCount "62"]
[EventDate "2016.01.06"]
[EventRounds "9"]
[EventCountry "HUN"]

1. d4 d5 2. c4 dxc4 3. Nf3 Nf6 4. e3 e6 5. Bxc4 c5 6. O-O a6 7. Bb3 Nbd7 8. Qe2
b5 9. a4 b4 10. Nbd2 Bb7 11. e4 cxd4 12. e5 Nd5 13. Nc4 Nc5 14. Bg5 d3 15. Qd1
Qd7 16. Rc1 h6 17. Bh4 Nf4 18. Nb6 Qc6 19. a5 Ne2+ 20. Kh1 Nxc1 21. Bd5 exd5
22. Nd4 Qc7 23. Qxc1 Be7 24. Bxe7 Kxe7 25. Nf5+ Kf8 26. Nd6 Rb8 27. Qf4 Ne4 28.
Rc1 Qe7 29. Nf5 Qg5 30. Nd7+ Kg8 31. Ne7+ Kh7 0-1